| 000 | 00810cam a22002291 4500 | ||
|---|---|---|---|
| 001 | agr28001486 | ||
| 003 | DLC | ||
| 005 | 20260227110948.0 | ||
| 008 | 920729s1928 paua 100 0 eng c | ||
| 010 | _aagr28001486 | ||
| 035 | _a(OCoLC)26281164 | ||
| 040 |
_aLibrary, U.S. Dept. of Agriculture _cCSt _dCSt _dDLC |
||
| 042 | _apremarc | ||
| 050 | 0 | 0 |
_aSD12 _b.P33 no. 45 |
| 070 | 0 |
_a99.9 _bP38B no.45 |
|
| 111 | 2 |
_aRailroad Forest Protection Conference _d(1927 : _cHarrisburg, Pa.) |
|
| 245 | 0 | 0 |
_aProceedings of Railroad Forest Protection Conference, Harrisburg, Pa., _bDecember 6 and 7, 1927 ... |
| 260 |
_a[Harrisburg, _c1928?] |
||
| 300 |
_a132 p. incl. front., illus., diagrs. _c23 cm. |
||
| 490 | 0 |
_aPennsylvania. Dept. of Forests and Waters. Bulletin _v45 |
|
| 650 | 0 |
_aForests and forestry _vCongresses. |
|
| 999 |
_c9214 _d9214 |
||